| 000 | 01253nam a2200169Ia 4500 | ||
|---|---|---|---|
| 005 | 20250625171940.0 | ||
| 008 | 250625s9999 xx 000 0 und d | ||
| 020 | _a9780748408467 | ||
| 082 |
_a910.285 _bFOT |
||
| 100 | _aFotheringham, Stewart | ||
| 245 | 0 | _aSpatial Models and GIS | |
| 260 |
_bCRC Press _c1999 |
||
| 300 | _a310 pages | ||
| 500 | _aSpatial models have been in existence in the environmental and social sciences for a long time. More recently, specialised software for the capture, manipulation and presentation of spatial data, which can be referred to as `Geographical Information Systems' (GIS), have vastly increased the range of possibilities of organising spatial data by new and efficient ways of spatial integration and spatial interpolation. Coupled with the improvements in data availability and increases in computer memory and speed, these novel techniques give rise to new types of spatial models which exploit the technological potential now available, make better use of existing data, stimulate the collection of new data and open up new ways of working with geographic information. This book explores the potential and impact of GIS on spatial modelling. | ||
| 650 | _aTechnology & Engineering | ||
| 942 | _cENGLISH | ||
| 999 |
_c573927 _d573927 |
||